|
|
|
|
| LEADER |
00000nam a22000007a 4500 |
| 005 |
20190819181322.0 |
| 007 |
cr|||| |||| |
| 008 |
190819s2018 br |||||s|||| 00||0 por d |
| 020 |
|
|
|a 978-85-68483-60-2
|
| 035 |
|
|
|a 24127
|
| 040 |
|
|
|a vLex
|
| 090 |
|
|
|c 9241
|d 9241
|
| 100 |
1 |
|
|a Ganim, Antonio
|
| 245 |
1 |
0 |
|a ICMS no setor elťrico brasileiro
|h [Recurso electrn̤ico] /
|c Antonio Ganim
|
| 256 |
|
|
|a Servicio en ln̕ea
|
| 260 |
|
|
|a Rio de Janeiro:
|b Synergia Editora,
|c 2018
|
| 300 |
|
|
|a 1 recurso electrn̤ico
|
| 500 |
|
|
|a Em seu texto, Antonio Ganim aborda inicialmente, e de forma precisa, os elementos essenciais do ICMS como introduȯ̂ s̉ especificidades do imposto. Aps̤, debruȧ-se sobre a incidn̊cia do imposto nas diversas operaė̳s realizadas pelas empresas do setor elťrico, de maneira clara e objetiva. Ao longo deste novo livro, o Autor conjuga seu profundo conhecimento dos assuntos, sobre os quais discorre, ao talento de transmiti-los ao leitor com maestria e facilidade, valendo-se da didt̀ica adquirida em sua larga experin̊cia de professor, palestrante, consultor, parecerista e advogado. Com certeza esta obra ocupar ̀um lugar de destaque na biblioteca de todos que militam no direito tributr̀io brasileiro e se ocupam de queste̳s de suma importńcia para as empresas do setor elťrico
|
| 506 |
1 |
|
|a Disponible solo en los productos indicados
|d vLex Global
|d vLex Global (Academic Edition, excluding Law Schools)
|d vLex Global (U.S. Academic Edition, Law Schools)
|d vLex Global (U.S. Academic Edition, excluding Law Schools)
|d vLex Global (Academic Edition, Law Schools)
|
| 650 |
0 |
4 |
|a Derecho Tributario
|z Brasil
|
| 650 |
0 |
4 |
|a Economa̕ y negocios
|z Brasil
|
| 740 |
0 |
|
|a vLex Libros (Servicio en ln̕ea)
|
| 856 |
4 |
0 |
|u http://vlex.com/source/icms-no-setor-eletrico-brasileiro-24127
|z Acceso restringido
|
| 942 |
|
|
|c BOOK
|
| 999 |
0 |
|
|a Tax Law
|
| 999 |
0 |
|
|a Economy and business
|